000 01040naa a2200253 4500
005 20110810145620.0
008 110810t xxu||||| |||| 00| 0 eng d
010 _aENG-103363
020 _c300.00
_a9789380572130
035 _aEN-86896
037 _bDBAD/PUB
040 _aDPL
_bEng
082 _a230.2
100 _932587
_aTiwari, Arun
245 1 _aFifth race :
_cby Arun Tiwari
_bthe final adjustment of the human organism as recorded in the Bhagavad -Gita /
260 _aPune
_bMenaka Prakashan
_c2011
270 _a2117, Sadashiv Peth,Vijaynagar Colony
_bPune
_e411030
_k9823696960
_msales@menakaprakashan.com
300 _axvi,210p.
_c22cm (pbk)
500 _aIncludes bibliographical references
700 _933086
942 _adpl
_cEN
_2ddc
_mTIW
_h230.2
999 _c55718
_d55718